MDQL
is popping MORE tags! Check the
thread
!
Quizzes
Events
Quiz Creation
Community
Videos
Private Events
Remove Ads
Sign In
Join for FREE
Feedback
Dark Mode
Quiz Categories
Sports
Geography
Music
Movies
Television
Just For Fun
Miscellaneous
History
Literature
Language
Science
Gaming
Entertainment
Religion
Holiday
For Kids
Quiz Lab
Recent
Popular Today
Quiz Kudos Today
Editor Picks
Curator Picks
Quizzes by...
Day
Popularity
Type
Ratings
Length
Year
Community
Subscriptions
Recent Discussions
Orange Saloon
Badges
Playlists
Quests
Create
Leaderboards
Showdown
Live 5
Trivia Bingo
Activity
Puzzle Library
Sporcle Events
Private Events
Virtual Trivia
Globe League
Become a Host
Pub Owners
SporcleCon
Opinionation
Our Games
Videos
Blog
Mobile Apps
Partnerships
Remove Ads and Go Orange
Feedback
Geography
Country
Landmarks
City
State
Population
World
Capital
Continent
Flags
Europe
Africa
Asia
South America
North America
Oceania
Border
Canada
United Kingdom
Topography
United States
Geography
Country
Landmarks
City
State
Population
World
Capital
Continent
Flags
Europe
Africa
Asia
South America
North America
Oceania
Border
Canada
United Kingdom
Topography
United States
Random Quiz
Search Sporcle
×
Quiz Lab
Quiz Lab
Geography
Mongolia
Type answers that appear on an image
Type answers that appear on an image
Map
Best Score? Go Orange.
Mongolian Provinces (Map) Stats
Name the mapped provinces of Mongolia.
By
LekgoloSlayer
6m
22 Questions
1,732 Plays
1,732 Plays
1,732 Plays
Comments
Comments
Give Quiz Kudos
Give Quiz Kudos
-
- Ratings
hide this ad
More Info
Replay
Link that replays current quiz
Next Quiz
Link to next quiz in quiz playlist
You Got
0%
They Got
Avg Score
73%
Avg Friend Score
Upgrade to see
Score Distribution
Jump to the score distribution portion of the page
Score
0/22
Timer
06:00
0
Plays Today
% Correct
Ulaanbaatar
89.7%
Uvs
84.7%
Dornod
79.4%
Govi-Altai
78.8%
Tov
78.6%
Sukhbaatar
77.4%
Khovd
76.1%
Selenge
75.8%
Omnogovi
75.2%
Dornogovi
74.9%
Arkhangai
73.2%
% Correct
Khentii
72.3%
Dundgovi
71.7%
Bulgan
71.2%
Govisumber
71.1%
Bayan-Olgii
70.8%
Orkhon
69.5%
Khovsgol
68.5%
Darkhan-Uul
67.8%
Ovorkhangai
66.7%
Zavkhan
66.3%
Bayankhongor
64.9%
Quiz Playlist
Details
Report
Send in Message
Add To Playlist
More Info:
Any suggestions/alternate spellings are greatly appreciated.
Map:
Type answers that appear on an image
Quiz Source
Last Updated: Dec 2, 2018
Quiz Scoreboard
CHALLENGE
Sign Up to Join the Scoreboard
Show All
Scores
Hide
Comments
May contain spoilers
Recently Published
Holiday 10x10 Sorting Gallery
by lukepisani3
Holiday
15m
Two Season TV Shows II
by 123Four
Television
10m
Image Sorting: Flags VI
by Barbecue
Geography
2m
More to Explore
Quiz From the Vault
Featured Blog Post
14 Easter Pick-up Lines to Find Eggs With
hide this ad
You Might Also Like...
Tags
map
Mongolia
Province
Today's Top Quizzes in Geography
Browse Geography
hide this ad
Today's Top Quizzes in Mongolia
Browse Mongolia
Top Contributed Quizzes in Geography
1
Colored Red Europe Blitz I
2
Countries of the World - No Outlines Minefield
3
Colored Red Africa Blitz II
4
Colored Red Europe Blitz II
5
Colored Red Europe Blitz III
6
Colored Red Africa Blitz III
7
Colored Red States Blitz I
8
A Different View: World Oceans
9
Colored Red States Blitz II
10
Colored Red States Blitz III
Explore More
Trending Topics
Marvel
Crossword
Anime
Harry Potter
Disney
Kpop
NBA
The Office
Soccer
Pokémon
Country
NFL
Song
WWE
Puzzle
hide this ad
More By:
LekgoloSlayer
Quiz
Plays
Rating
Category
Featured
Created
Divisions of Bangladesh on a Map
16,998
4.80
Geography
Sep 26, 2017
France Departments (Map)
7,735
5.00
Geography
Jun 22, 2018
Russian Federal Subjects (Map)
5,158
4.94
Geography
Sep 19, 2017
Spain Provinces (Map)
4,464
4.38
Geography
Apr 9, 2018
Japanese Regions (Map)
3,622
5.00
Geography
Sep 21, 2017
Go to Creator's Profile
Score Distribution
Quiz Creator Spotlight
LekgoloSlayer
Follow
Send a Message
Quizzes Created
-
Created Quiz Play Count
-
More By This Creator
Popular Quizzes Today
1
Find the US States - No Outlines Minefield
2
Colored Red Africa Blitz
3
Find the 'City' Movie
4
The Countries of the World
5
5x2 Blitz: Bands
6
Find the US States
7
Find the Countries of Europe - No Outlines Minefield
8
US States
More Geography Quizzes
Exonymous Countries
Published
Trending Quizzes
Colored Red Europe Blitz I
Colored Red Europe Blitz II
Colored Red Africa Blitz II
Colored Red Europe Blitz III
Colored Red Africa Blitz III
Recently Updated
Odd Team Out - Big 4 Players
pecheneg
Quick Pick: 20 Twenties
pecheneg
March Madness Men's Triple Doubles
pecheneg
How Do You Spell That?
pecheneg
Godzilla Movies
pecheneg
Grab Bag: 4-10 Letters
pecheneg
2024 March Madness Bracket
pecheneg
Famous TV Couples
Peacemaker
Champions League XIs: Real Madrid
pecheneg
Largest US Cities 1790-2010
pecheneg
Trending Topics
Kpop
NBA
Anime
Harry Potter
Disney
Crossword
Marvel
Pokémon
Country
Song
The Office
Puzzle
WWE
Soccer
NFL
Your Account Isn't Verified!
In order to create a playlist on Sporcle, you need to verify the email address you used during registration. Go to your
Sporcle Settings
to finish the process.
Report this User
Report this user for behavior that violates our
Community Guidelines
.
Details:
Send Report
Go to the Sporcle.com Mobile Site →
Comments